Mission and place : (Record no. 3930)

MARC details
000 -LEADER
fixed length control field 00847nam a2200241 ar4500
001 - CONTROL NUMBER
control field 3932
005 - DATE AND TIME OF LATEST TRANSACTION
control field 20221127090838.0
008 - FIXED-LENGTH DATA ELEMENTS--GENERAL INFORMATION
fixed length control field 140818s xxua 00110 eng d
020 ## - INTERNATIONAL STANDARD BOOK NUMBER
International Standard Book Number 0275981231(hpb)
082 04 - DEWEY DECIMAL CLASSIFICATION NUMBER
Classification number 378.1962
Item number K395 2005
100 1# - MAIN ENTRY--PERSONAL NAME
Personal name Kenney, Daniel R.
245 10 - TITLE STATEMENT
Title Mission and place :
Remainder of title strengthening learning and community through campus design /
Statement of responsibility, etc. Daniel Kenney, R. Dumont, G. Kenney.
250 ## - EDITION STATEMENT
Edition statement 1st ed.
260 ## - PUBLICATION, DISTRIBUTION, ETC.
Place of publication, distribution, etc. Westport, CT :
Name of publisher, distributor, etc. Praeger,
Date of publication, distribution, etc. 2005.
300 ## - PHYSICAL DESCRIPTION
Extent x, 286 p. :
Other physical details ill. ;
Dimensions 25 cm.
440 #0 - SERIES STATEMENT/ADDED ENTRY--TITLE
Title ACE/Praeger series on higher education.
504 ## - BIBLIOGRAPHY, ETC. NOTE
Bibliography, etc. note Includes bibl. references and index.
650 #4 - SUBJECT ADDED ENTRY--TOPICAL TERM
Topical term or geographic name entry element Universities and colleges
Geographic subdivision United States.
650 #4 - SUBJECT ADDED ENTRY--TOPICAL TERM
Topical term or geographic name entry element College environment
Geographic subdivision United States.
650 #4 - SUBJECT ADDED ENTRY--TOPICAL TERM
Topical term or geographic name entry element Education, Higher.
700 0# - ADDED ENTRY--PERSONAL NAME
Personal name Dumont, Ricardo,
Relator term jt. auth.
700 0# - ADDED ENTRY--PERSONAL NAME
Personal name Kenney, Ginger,
Relator term jt. auth.
Holdings
Withdrawn status Lost status Source of classification or shelving scheme Damaged status Not for loan Home library Current library Date acquired Total Checkouts Full call number Barcode Date last seen Copy number Price effective from Koha item type
              11/27/2022   378.1962 K395 2005 10000000013199 11/27/2022 C1 11/27/2022 Book